EL PROFETISMO DE LOS LAICOS /

INCLUYE BIBLIOGRAFIA

Kaydedildi:
Detaylı Bibliyografya
Yazar: Fondevila, José María (autor)
Materyal Türü: Kitap
Seri Bilgileri:PEQUEÑA BIBLIOTECA HERDER; 83
Konular:
Etiketler: Etiketle
Etiket eklenmemiş, İlk siz ekleyin!

MARC

LEADER 00000nam^a2200000^a^4500
001 000231151
005 20250521000000.0
009 20260310104509.531
035 |a 051350 
037 |a Acervo Xavier Clavigero 
082 |a 230.  |b FON 
100 |a Fondevila, José María  |e (autor) 
245 1 3 |a EL PROFETISMO DE LOS LAICOS /  |c JOSE MARIA FONDEVILA 
264 |a BARCELONA :  |b HERDER,  |c 1967 
300 |a 68p. 
336 |a texto  |b txt  |2 rdacontenido 
337 |a sin mediación  |b n  |2 rdamedio 
338 |a volumen  |b nc  |2 rdasoporte 
440 |a PEQUEÑA BIBLIOTECA HERDER;  |v 83 
520 |a INCLUYE BIBLIOGRAFIA 
649 |a XX 
650 |a Teología Doctrinal 
650 |a Vida Cristiana 
910 |a Fondo General 
920 |a Impresos - Libros 
930 |a Colección General 
905 |a 101 
901 |a 051350  |b IT1  |c ACC  |i 051350  |u 20250521 
902 |a https://opac.biblio.iteso.mx/vufind/Record/000231151